<?xml version="1.0" encoding="UTF-8"?>
<record
    xmlns:xsi="http://www.w3.org/2001/XMLSchema-instance"
    xsi:schemaLocation="http://www.loc.gov/MARC21/slim http://www.loc.gov/standards/marcxml/schema/MARC21slim.xsd"
    xmlns="http://www.loc.gov/MARC21/slim">

  <leader>00866nam a22001937a 4500</leader>
  <datafield tag="952" ind1=" " ind2=" ">
    <subfield code="0">0</subfield>
    <subfield code="1">0</subfield>
    <subfield code="2">ddc</subfield>
    <subfield code="4">0</subfield>
    <subfield code="7">0</subfield>
    <subfield code="8">NFIC</subfield>
    <subfield code="a">ASL</subfield>
    <subfield code="b">ASL</subfield>
    <subfield code="c">DC</subfield>
    <subfield code="d">2021-09-16</subfield>
    <subfield code="e">ASB Collection</subfield>
    <subfield code="h">V-11</subfield>
    <subfield code="l">0</subfield>
    <subfield code="o">954.92 BAN</subfield>
    <subfield code="p">111592</subfield>
    <subfield code="r">2021-09-16 00:00:00</subfield>
    <subfield code="t">C-1</subfield>
    <subfield code="w">2021-09-16</subfield>
    <subfield code="y">BK</subfield>
    <subfield code="z">RARE</subfield>
  </datafield>
  <datafield tag="999" ind1=" " ind2=" ">
    <subfield code="c">25813</subfield>
    <subfield code="d">25813</subfield>
  </datafield>
  <controlfield tag="003">BDDh-ASL</controlfield>
  <controlfield tag="005">20231015030548.0</controlfield>
  <controlfield tag="008">210916s1984    bg ||||| |||| 00| 0 be  d</controlfield>
  <datafield tag="040" ind1=" " ind2=" ">
    <subfield code="c">BDDh-ASL</subfield>
  </datafield>
  <datafield tag="082" ind1=" " ind2=" ">
    <subfield code="a">954.92</subfield>
    <subfield code="b">BAN</subfield>
  </datafield>
  <datafield tag="245" ind1="0" ind2="0">
    <subfield code="a">&#x9AC;&#x9BE;&#x982;&#x9B2;&#x9BE;&#x9A6;&#x9C7;&#x9B6;&#x9C7;&#x9B0; &#x9B8;&#x9CD;&#x9AC;&#x9BE;&#x9A7;&#x9C0;&#x9A8;&#x9A4;&#x9BE; &#x9AF;&#x9C1;&#x9A6;&#x9CD;&#x9A7; &#x9A6;&#x9B2;&#x9BF;&#x9B2;&#x9AA;&#x9A4;&#x9CD;&#x9B0;: &#x98F;&#x995;&#x9BE;&#x9A6;&#x9B6; &#x996;&#x9A3;&#x9CD;&#x9A1;:</subfield>
    <subfield code="b">&#x9B8;&#x9B6;&#x9B8;&#x9CD;&#x9A4;&#x9CD;&#x9B0; &#x9B8;&#x982;&#x997;&#x9CD;&#x9B0;&#x9BE;&#x9AE; (&#x9E9;) /</subfield>
  </datafield>
  <datafield tag="246" ind1=" " ind2=" ">
    <subfield code="a">Bangladesher Shadhinata Juddha Dolilpotra. Vol-11:</subfield>
  </datafield>
  <datafield tag="260" ind1=" " ind2=" ">
    <subfield code="a">&#x9A2;&#x9BE;&#x995;&#x9BE;: </subfield>
    <subfield code="b">&#x9A4;&#x9A5;&#x9CD;&#x9AF; &#x9AE;&#x9A8;&#x9CD;&#x9A4;&#x9CD;&#x9B0;&#x9A3;&#x9BE;&#x9B2;&#x9AF;&#x9BC;, &#x997;&#x9A3;&#x9AA;&#x9CD;&#x9B0;&#x99C;&#x9BE;&#x9A4;&#x9A8;&#x9CD;&#x9A4;&#x9CD;&#x9B0;&#x9C0; &#x9AC;&#x9BE;&#x982;&#x9B2;&#x9BE;&#x9A6;&#x9C7;&#x9B6; &#x9B8;&#x9B0;&#x995;&#x9BE;&#x9B0;, </subfield>
    <subfield code="c">1984.</subfield>
  </datafield>
  <datafield tag="300" ind1=" " ind2=" ">
    <subfield code="a">22, 892 p. </subfield>
    <subfield code="c">24 cm. </subfield>
  </datafield>
  <datafield tag="504" ind1=" " ind2=" ">
    <subfield code="a">Include Index</subfield>
  </datafield>
  <datafield tag="650" ind1=" " ind2="0">
    <subfield code="9">2813</subfield>
    <subfield code="a">Liberation War</subfield>
    <subfield code="v">History</subfield>
  </datafield>
  <datafield tag="700" ind1=" " ind2=" ">
    <subfield code="9">1514</subfield>
    <subfield code="a">&#x9B0;&#x9B9;&#x9AE;&#x9BE;&#x9A8;, &#x9B9;&#x9BE;&#x9B8;&#x9BE;&#x9A8; &#x9B9;&#x9BE;&#x9AB;&#x9BF;&#x99C;&#x9C1;&#x9B0; </subfield>
  </datafield>
  <datafield tag="942" ind1=" " ind2=" ">
    <subfield code="2">ddc</subfield>
    <subfield code="c">BK</subfield>
  </datafield>
</record>
